000
00292nam a2200145Ia 4500
100
_a
Staff/WSi
942
_c
BK
654
_a
IBM Pc
245
_a
IBM Pc And Xt Users Hand Book
260
_b
BPB Pub.
_a
Delhi
082
_a
621.3
_b
Wsi
300
_a
543
546
_a
ENGLISH
999
_c
22051
_d
22051